000 00726nam a2200217Ia 4500
003 OSt
005 20260123153344.0
008 220923b |||||||| |||| 00| 0 eng d
037 _cGeneral Book
040 _aRTL
_cRTL
_beng
041 _2eng
_aeng
084 _aX:8N9.30m73.N8 , M3
_qRTL
100 _aBradley Keith
_9282539
245 0 _aWorker capitalism
_b The new industrial relations
260 _aLondon
_bHeinemann UK
_c1983
300 _a186 p . Bib : 173-80 P .
_bIncludes bibliographical references and index
650 _aPublic Report Management
_91105629
700 _a Gelb Alan
_9282540
_eCo-Author
942 _hX:8N9.30m73.N8 , M3
_cGB
_2CC
_n0
999 _c568432
_d568432